Historia argentina 2 /
Guardado en:
| Autor Principal: | |
|---|---|
| Otros Autores: | |
| Formato: | Libro |
| Publicado: |
Buenos Aires :
Paidós,
1998
|
| Edición: | 2a. ed. |
| Series: | Historia argentina
|
| Materias: | |
| Etiquetas: |
Agregar Etiqueta
Sin Etiquetas, Sea el primero en etiquetar este registro!
|
| LEADER | 00838nam a22002415a 4500 | ||
|---|---|---|---|
| 001 | CEM.cems009882 | ||
| 005 | 20080630124108.0 | ||
| 008 | 130507s1998##################000#0#####d | ||
| 003 | CEMS | ||
| 020 | |a 9501277119 | ||
| 082 | 0 | 4 | |a 982 |
| 100 | 1 | |a Halperin Donghi, Tulio | |
| 245 | 1 | 0 | |a Historia argentina 2 / |c Dirigida Por Tulio Halperin Donghi |
| 250 | |a 2a. ed. | ||
| 260 | |a Buenos Aires : |b Paidós, |c 1998 | ||
| 300 | |a 538 p. | ||
| 490 | 0 | |a Historia argentina | |
| 505 | 0 | |a De la revolución de independencia a la confederación rosista / Tulio Halperin Donghi -- La organización nacional / Haydée Gorostegui de Torres | |
| 653 | |a Historia | ||
| 653 | |a Historia argentina | ||
| 653 | |a Historia argentina-1810-1860 | ||
| 700 | 1 | |a Gorostegui De Torres, Haydee | |
| 859 | |a CEMS |b BIB. CEMS - 11 de abril |h 982 |i H164-1a2 |p 20198.99 |t Ej.1 |v 2 |3 2 | ||
